[Event "2BLO 2324 SK München Südost - FC Bayer"]
[Site "?"]
[Date "2023.10.22"]
[Round "2.4"]
[White "Huber, Benedikt"]
[Black "Ankerst, Mihael"]
[Result "0-1"]
[WhiteElo "2274"]
[BlackElo "2370"]
[PlyCount "97"]
[EventDate "2023.??.??"]

1. e4 c5 2. Nf3 e6 3. c3 Nf6 4. e5 Nd5 5. g3 Nc6 6. Bg2 Qc7 7. O-O Be7 8. Re1 O-O 9. d4 cxd4 10. Nxd4 Nxd4 11. Qxd4 d6 12. Bxd5 exd5 13. Bf4 Be6 14. Nd2 Rfd8 15. exd6 Bxd6 16. Bxd6 Qxd6 17. Nb3 a6 18. Re3 Rac8 19. Rd1 h6 20. Rd2 Qc7 21. Qb4 Rd6 22. Qf4 Qd7 23. Nd4 b5 24. Nb3 d4 25. Nxd4 Bxa2 26. Rde2 Rf6 27. Qe4 Bd5 28. Qb1 b4 29. Re7 Qd8 30. Qd1 Kf8 31. R7e5 bxc3 32. bxc3 g6 33. Qd2 h5 34. Qh6+ Kg8 35. Qg5 Ba8 36. f4 Rd6 37. Re7 Rd7 38. Qf6 Rxe7 39. Rxe7 Qd5 40. Kf2 Qg2+ 41. Ke1 Bd5 42. Re2 Qg1+ 43. Kd2 Qb1 44. Ke3 Bc4 45. Kf2 Bxe2 46. Ne6 Qf1+ 47. Ke3 Qf3+ 48. Kd2 Qd3+ 49. Ke1 0-1

[Event "2BLO 2324 SK München Südost - FC Bayer"]
[Site "?"]
[Date "2023.10.22"]
[Round "2.5"]
[White "Rodewis, Thomas"]
[Black "Lohvinov, Petro"]
[Result "1-0"]
[WhiteElo "2360"]
[BlackElo "2173"]
[PlyCount "65"]
[EventDate "2023.??.??"]

1. d4 Nf6 2. c4 e6 3. Nc3 Bb4 4. f3 d5 5. a3 Bxc3+ 6. bxc3 O-O 7. cxd5 exd5 8. e3 c5 9. Bd3 Re8 10. Ne2 b6 11. O-O Ba6 12. Bxa6 Nxa6 13. Ng3 Nc7 14. Qd3 Qd7 15. e4 Qb5 16. Qxb5 Nxb5 17. e5 Nd7 18. Bb2 g6 19. f4 Rac8 20. a4 Nc7 21. Rf2 cxd4 22. cxd4 Na6 23. Nf1 Nb4 24. Ne3 Nd3 25. Rd2 Nxf4 26. Rf1 Ne6 27. Nxd5 Rc4 28. Rdf2 Nd8 29. Ra1 Ne6 30. Ne3 Rb4 31. Ng4 Re7 32. Raf1 f5 33. exf6 1-0

[Event "2BLO 2324 SK München Südost - FC Bayer"]
[Site "?"]
[Date "2023.10.22"]
[Round "2.6"]
[White "Leeb, Simon"]
[Black "Belezky, Alexander"]
[Result "1/2-1/2"]
[WhiteElo "2227"]
[BlackElo "2298"]
[PlyCount "141"]
[EventDate "2023.??.??"]

1. e4 c5 2. Nf3 d6 3. d4 cxd4 4. Nxd4 Nf6 5. Nc3 g6 6. Be3 a6 7. f3 h5 8. Qd2 Nbd7 9. O-O-O b5 10. Kb1 Bb7 11. a3 Bg7 12. h3 Rc8 13. Be2 Nb6 14. g4 Nc4 15. Bxc4 Rxc4 16. Qe2 Rxc3 17. bxc3 Qc7 18. Nb3 Bxe4 19. Bd4 e5 20. g5 Bf5 21. gxf6 Bxf6 22. Kb2 O-O 23. Bf2 Rc8 24. Be1 a5 25. Qd2 a4 26. Qxd6 axb3 27. Qxc7 Rxc7 28. cxb3 e4 29. fxe4 Bxe4 30. Rf1 Be5 31. Rd8+ Kg7 32. h4 f5 33. Rg1 f4 34. Re8 Kf6 35. Rg5 Bf5 36. Rf8+ Ke6 37. Re8+ Kf6 38. Rg1 Bd3 39. Rg5 Bf5 40. Rg1 Bd3 41. Bd2 f3 42. Rf8+ Rf7 43. Rxf7+ Kxf7 44. Be3 Bh2 45. Rh1 Bf4 46. Bf2 Kf6 47. a4 bxa4 48. bxa4 g5 49. hxg5+ Kxg5 50. Rg1+ Kf5 51. a5 Bg5 52. Rd1 Ke4 53. Rh1 Be2 54. Rxh5 Be3 55. Rh4+ Kd3 56. Bg3 f2 57. Bxf2 Bxf2 58. Rh3+ Kc4 59. a6 Bb6 60. Rh7 Kb5 61. a7 Bf3 62. Rf7 Bc6 63. Kb3 Ka6 64. Rf6 Bb7 65. Kb4 Kxa7 66. c4 Bd8 67. Rf7 Kb6 68. c5+ Kc6 69. Rh7 Ba6 70. Ra7 Bb7 71. Rxb7 1/2-1/2

[Event "2BLO 2324 SK München Südost - FC Bayer"]
[Site "?"]
[Date "2023.10.22"]
[Round "2.7"]
[White "Mai, Philipp"]
[Black "Xiong, Ferdinand"]
[Result "0-1"]
[WhiteElo "2313"]
[BlackElo "2211"]
[PlyCount "112"]
[EventDate "2023.??.??"]

1. e4 c5 2. Nf3 d6 3. d4 cxd4 4. Nxd4 Nf6 5. Nc3 g6 6. Be3 Bg7 7. f3 O-O 8. Qd2 Nc6 9. O-O-O d5 10. exd5 Nxd5 11. Nxc6 bxc6 12. Bd4 Bxd4 13. Qxd4 Qb6 14. Na4 Qc7 15. Nc5 Rb8 16. Bc4 e5 17. Qf2 Qb6 18. Bb3 a5 19. Rd2 Nb4 20. a3 Na6 21. Ne4 Qxf2 22. Rxf2 Bf5 23. Nd6 Nc5 24. Bc4 Be6 25. Bxe6 Nxe6 26. Nc4 Rb5 27. Re1 f6 28. Rd2 Rc5 29. Nb6 Rf7 30. Rd6 Nd4 31. c3 Nf5 32. Rd8+ Kg7 33. Red1 Ne3 34. R1d2 Rb5 35. Na4 f5 36. Re2 f4 37. Rd6 Rd5 38. Rxd5 cxd5 39. Nc5 Kf6 40. b4 Ke7 41. Nb3 a4 42. Nc5 Kd6 43. Kd2 Nc4+ 44. Kd3 Nxa3 45. Nxa4 Nc4 46. Nb2 Ne3 47. g3 e4+ 48. fxe4 f3 49. Rf2 Ng4 50. Rf1 Nxh2 51. Rf2 Ng4 52. Rf1 f2 53. Nd1 dxe4+ 54. Kxe4 Re7+ 55. Kf3 Nh2+ 56. Kxf2 Rf7+ 0-1

[Event "2BLO 2324 SK München Südost - FC Bayer"]
[Site "?"]
[Date "2023.10.22"]
[Round "2.8"]
[White "Kostic, Vladimir G"]
[Black "Lentrodt, Thomas"]
[Result "1/2-1/2"]
[WhiteElo "2167"]
[BlackElo "2228"]
[PlyCount "25"]
[EventDate "2023.??.??"]

1. e4 e6 2. d4 d5 3. exd5 exd5 4. Nf3 Bg4 5. Be2 Bd6 6. O-O Ne7 7. Re1 O-O 8. Nc3 c6 9. Nh4 Bxe2 10. Nxe2 Na6 11. Ng3 Bxg3 12. hxg3 Qd7 13. Be3 1/2-1/2

[Event "2BLO 2324 Erfurter SK - SV Deggendorf"]
[Site "?"]
[Date "2023.10.22"]
[Round "2.1"]
[White "Krivoborodov, Egor"]
[Black "Romanov, Evgeny"]
[Result "1/2-1/2"]
[WhiteElo "2545"]
[BlackElo "2563"]
[PlyCount "37"]
[EventDate "2023.??.??"]

1. d4 Nf6 2. Bf4 e6 3. e3 c5 4. Nf3 Nc6 5. c3 h6 6. h3 d5 7. Nbd2 Bd6 8. Bxd6 Qxd6 9. Bb5 Bd7 10. O-O O-O 11. a4 a6 12. Bxc6 Bxc6 13. Ne5 a5 14. Qb3 Qc7 15. Rfc1 Rfc8 16. Qa3 Be8 17. Nd3 cxd4 18. cxd4 Qd8 19. b3 1/2-1/2

[Event "2BLO 2324 Erfurter SK - SV Deggendorf"]
[Site "?"]
[Date "2023.10.22"]
[Round "2.2"]
[White "Enders, Peter"]
[Black "Delchev, Aleksander"]
[Result "0-1"]
[WhiteElo "2402"]
[BlackElo "2514"]
[PlyCount "44"]
[EventDate "2023.??.??"]

1. e4 c5 2. Nf3 e6 3. d4 cxd4 4. Nxd4 a6 5. g3 d5 6. Nb3 dxe4 7. Qxd8+ Kxd8 8. N1d2 f5 9. f3 Nf6 10. fxe4 Nc6 11. a3 a5 12. Nc4 a4 13. Nb6 axb3 14. Nxa8 Nd4 15. Bd3 fxe4 16. c3 Nf3+ 17. Ke2 exd3+ 18. Kxf3 b5 19. Rd1 Bb7+ 20. Kf2 Bc5+ 21. Ke1 Bxa8 22. Rxd3+ Ke7 0-1

[Event "2BLO 2324 Erfurter SK - SV Deggendorf"]
[Site "?"]
[Date "2023.10.22"]
[Round "2.3"]
[White "Bogosavljevic, Boban"]
[Black "Scheftlein, Richard"]
[Result "1/2-1/2"]
[WhiteElo "2479"]
[BlackElo "2326"]
[PlyCount "112"]
[EventDate "2023.??.??"]

1. Nf3 d5 2. g3 c6 3. Bg2 Bg4 4. O-O Nd7 5. h3 Bh5 6. d4 Ngf6 7. c4 e6 8. cxd5 exd5 9. Qb3 Bxf3 10. exf3 Nb6 11. a4 a5 12. Re1+ Be7 13. Na3 Nfd7 14. Bg5 f6 15. Bf4 O-O 16. Nc2 Rf7 17. Re2 Nf8 18. Rae1 Nc4 19. h4 Bd6 20. Bc1 Qc7 21. Qd3 Re7 22. b3 Nb6 23. Rxe7 Bxe7 24. Bh3 Bd6 25. Kg2 Qf7 26. Bd2 Nc8 27. Re2 Ne7 28. Ne3 b6 29. f4 Qg6 30. f5 Qf7 31. Bg4 c5 32. Bf3 Rd8 33. Qb5 Nd7 34. Nxd5 Nxd5 35. Qc6 Ne5 36. dxe5 Bxe5 37. Qb5 Qd7 38. Qc4 Kf8 39. Bc1 Nb4 40. h5 h6 41. Rd2 Bd4 42. Be4 Qf7 43. Qxf7+ Kxf7 44. Bf3 Re8 45. Be2 Re5 46. Bc4+ Ke7 47. Rd1 Kd8 48. g4 Re7 49. Be6 Nc6 50. Bf4 Ne5 51. Be3 Nc6 52. Kf3 Kc7 53. Bc1 Be5 54. Be3 Bd4 55. Bc1 Be5 56. Be3 Bd4 {(=)} 1/2-1/2

[Event "2BLO 2324 Erfurter SK - SV Deggendorf"]
[Site "?"]
[Date "2023.10.22"]
[Round "2.4"]
[White "Troyke, Christian"]
[Black "Sedlak, Nikola"]
[Result "1/2-1/2"]
[WhiteElo "2306"]
[BlackElo "2453"]
[PlyCount "42"]
[EventDate "2023.??.??"]

1. g3 d5 2. Bg2 Nf6 3. c4 e6 4. Nf3 d4 5. O-O Nc6 6. d3 Bc5 7. Na3 O-O 8. Nc2 a5 9. b3 e5 10. Bb2 Re8 11. a3 Ra6 12. e3 Rb6 13. exd4 exd4 14. b4 axb4 15. axb4 Nxb4 16. Nxb4 Bxb4 17. Bxd4 c5 18. Bb2 Rd6 19. Ra8 Ra6 20. Rxa6 bxa6 21. Ne5 a5 {(=)} 1/2-1/2

[Event "2BLO 2324 Erfurter SK - SV Deggendorf"]
[Site "?"]
[Date "2023.10.22"]
[Round "2.5"]
[White "Stojanovic, Dalibor"]
[Black "Brueggemann, Joachim"]
[Result "1/2-1/2"]
[WhiteElo "2457"]
[BlackElo "2278"]
[PlyCount "69"]
[EventDate "2023.??.??"]

1. e4 c5 2. Nc3 a6 3. Nf3 d6 4. d4 cxd4 5. Nxd4 Nf6 6. Be2 e5 7. Nb3 Be6 8. Be3 Be7 9. Nd5 Nbd7 10. Qd3 O-O 11. O-O Bxd5 12. exd5 Rc8 13. c4 Re8 14. Qd2 b6 15. f3 a5 16. Nc1 h6 17. a3 a4 18. Rb1 Nc5 19. Bd1 Nfd7 20. Ne2 Bg5 21. Bxg5 hxg5 22. Nc3 Ra8 23. Bc2 Nf8 24. Rbe1 g6 25. Ne4 Nh7 26. Qb4 Qc7 27. Nc3 Qa7 28. Nb5 Qd7 29. Qd2 Kg7 30. Nc3 f5 31. Rf2 Rh8 32. h3 Qd8 33. Na2 Nf8 34. Nc3 Rh4 35. g4 1/2-1/2

[Event "2BLO 2324 Erfurter SK - SV Deggendorf"]
[Site "?"]
[Date "2023.10.22"]
[Round "2.6"]
[White "Kosev, Momchil"]
[Black "Popovic, Dusan"]
[Result "0-1"]
[WhiteElo "1891"]
[BlackElo "2498"]
[PlyCount "132"]
[EventDate "2023.??.??"]

1. d4 g6 2. c4 Bg7 3. g3 d6 4. Bg2 Nd7 5. Nc3 e5 6. Nf3 Ne7 7. O-O O-O 8. e4 exd4 9. Nxd4 Nc6 10. Nxc6 bxc6 11. Qc2 Ne5 12. Ne2 Ba6 13. c5 Nd3 14. Rd1 Nxc5 15. Be3 Qe7 16. Nd4 Bb7 17. e5 Bxe5 18. Nxc6 Bxc6 19. Bxc6 Rab8 20. Rab1 a5 21. Bxc5 dxc5 22. b3 Bd4 23. Qe4 Qg5 24. Qd5 Qh6 25. h4 Rbd8 26. Qg5 Qg7 27. Bb5 Rd6 28. Bc4 Rf6 29. Rf1 Rf5 30. Qg4 Qf6 31. Qe2 Re5 32. Qg4 Rfe8 33. Rbc1 Re1 34. Rcxe1 Rxe1 35. Qf4 Qxf4 36. gxf4 Re4 37. Kg2 Rxf4 38. Kg3 Be5 39. Kh3 Bf6 40. Kg3 Rxh4 41. f4 Rh5 42. Rd1 Bd4 43. Re1 Rf5 44. Re8+ Kg7 45. Re7 Kf8 46. Re2 Rf6 47. a4 Rd6 48. Bb5 c6 49. Bc4 Rd7 50. Re1 Bc3 51. Rf1 f5 52. Rf3 Bd2 53. Rd3 Rd4 54. Rf3 Kg7 55. Rf1 Kf6 56. Rf3 Re4 57. Ba6 Re3 58. Rxe3 Bxe3 59. Bb7 h6 60. Kf3 Bc1 61. Bxc6 g5 62. fxg5+ hxg5 63. Kg3 Bd2 64. Bd7 Be1+ 65. Kf3 g4+ 66. Kg2 Kg5 0-1

[Event "2BLO 2324 Erfurter SK - SV Deggendorf"]
[Site "?"]
[Date "2023.10.22"]
[Round "2.7"]
[White "Petrov, Martin"]
[Black "Seinsoth, Paul"]
[Result "1-0"]
[WhiteElo "2500"]
[BlackElo "1786"]
[PlyCount "79"]
[EventDate "2023.??.??"]

1. e4 c5 2. Nf3 d6 3. d4 cxd4 4. Nxd4 Nf6 5. Nc3 a6 6. Be3 e5 7. Nb3 Be7 8. h3 Be6 9. f4 Qc7 10. g4 exf4 11. Bxf4 Nc6 12. g5 Nd7 13. Qd2 Nce5 14. O-O-O b5 15. Nd4 O-O 16. Nf5 Rfe8 17. Nxe7+ Rxe7 18. Qxd6 Qxd6 19. Rxd6 Ng6 20. Bg3 Nc5 21. a3 Rd7 22. e5 Rc7 23. Bg2 Rac8 24. Rhd1 Kf8 25. Rd8+ Ke7 26. Rxc8 Rxc8 27. Rd6 Nf8 28. b4 Ncd7 29. Kb2 Ng6 30. Rxa6 Ngxe5 31. Nxb5 Nc4+ 32. Kc1 Ne3 33. Rc6 Rxc6 34. Bxc6 Bxh3 35. a4 Bf5 36. a5 Nxc2 37. a6 Nb6 38. a7 Ne3 39. Bd6+ Ke6 40. Bc7 1-0

[Event "2BLO 2324 Erfurter SK - SV Deggendorf"]
[Site "?"]
[Date "2023.10.22"]
[Round "2.8"]
[White "Apel, Linus"]
[Black "Miljkovic, Miroslav D"]
[Result "0-1"]
[WhiteElo "1503"]
[BlackElo "2430"]
[PlyCount "24"]
[EventDate "2023.??.??"]

1. e4 c5 2. Nf3 Nc6 3. Bb5 g6 4. O-O Bg7 5. Re1 e5 6. c3 Nge7 7. d3 O-O 8. Nbd2 d6 9. Bc4 h6 10. Nf1 Kh7 11. Be3 f5 12. d4 fxe4 0-1

[Event "2BLO 2324 Nickelhütte Aue - SC Bavaria"]
[Site "?"]
[Date "2023.10.22"]
[Round "2.1"]
[White "Stocek, Jiri"]
[Black "Antal, Gergely"]
[Result "1/2-1/2"]
[WhiteElo "2535"]
[BlackElo "2563"]
[PlyCount "83"]
[EventDate "2023.??.??"]

1. e4 c5 2. Nf3 Nc6 3. Bb5 g6 4. O-O Bg7 5. Re1 Nf6 6. c3 O-O 7. d4 cxd4 8. cxd4 d5 9. e5 Ne4 10. Be3 Qb6 11. Bxc6 Qxc6 12. Nbd2 Nxd2 13. Qxd2 Bg4 14. Nh4 Rfc8 15. h3 Bd7 16. Rac1 Qa4 17. b3 Qa3 18. Bh6 a5 19. Bxg7 Kxg7 20. f4 a4 21. f5 axb3 22. axb3 Rxc1 23. Rxc1 Qxb3 24. e6 fxe6 25. Qg5 Qb4 26. fxe6 Qxd4+ 27. Kh1 Bxe6 28. Qxe7+ Bf7 29. Rf1 Rf8 30. Nf3 Qf6 31. Qxb7 Re8 32. Kg1 Re7 33. Qb4 Re4 34. Qb7 Rf4 35. Re1 Qc3 36. Qe7 Rf5 37. Re3 Qa1+ 38. Kh2 Qf6 39. Qd7 Qb6 40. Qe7 d4 41. Re5 Rf6 42. Rd5 1/2-1/2

[Event "2BLO 2324 Nickelhütte Aue - SC Bavaria"]
[Site "?"]
[Date "2023.10.22"]
[Round "2.2"]
[White "Gonda, Laszlo"]
[Black "Kaczur, Florian"]
[Result "1/2-1/2"]
[WhiteElo "2494"]
[BlackElo "2504"]
[PlyCount "55"]
[EventDate "2023.??.??"]

1. d4 Nf6 2. c4 e6 3. Nc3 Bb4 4. Qc2 O-O 5. e4 d5 6. e5 Ne4 7. Bd3 c5 8. Nge2 cxd4 9. Nxd4 Nd7 10. Bf4 Ndc5 11. O-O Bxc3 12. bxc3 Nxd3 13. Qxd3 b6 14. cxd5 exd5 15. Rfe1 Qd7 16. h3 Bb7 17. Qf3 Rac8 18. Re3 Rc4 19. Rd1 Bc8 20. Ne2 Qa4 21. Rxd5 Bb7 22. Rdd3 Nd2 23. Qxb7 Qd1+ 24. Kh2 Nf1+ 25. Kh1 Ng3+ 26. Kh2 Nf1+ 27. Kh1 Ng3+ 28. Kh2 1/2-1/2

[Event "2BLO 2324 Nickelhütte Aue - SC Bavaria"]
[Site "?"]
[Date "2023.10.22"]
[Round "2.3"]
[White "Schneider, Jana"]
[Black "Slobodjan, Roman"]
[Result "0-1"]
[WhiteElo "2285"]
[BlackElo "2445"]
[PlyCount "138"]
[EventDate "2023.??.??"]

1. e4 c6 2. d4 Na6 3. Nf3 g6 4. h4 h6 5. Nc3 d6 6. Be3 Nc7 7. Qd2 Nf6 8. a4 Bg7 9. Rd1 Bg4 10. Be2 Qd7 11. a5 Qd8 12. Nh2 Bxe2 13. Qxe2 a6 14. Qf3 h5 15. O-O d5 16. e5 Nd7 17. Na4 Ne6 18. b4 b5 19. axb6 Nxb6 20. Nc5 Qc8 21. Nxe6 Qxe6 22. Ra1 Nc4 23. Ra2 f6 24. exf6 Bxf6 25. Qg3 Qe4 26. Nf3 Nxe3 27. Re1 Qg4 28. Rxe3 Qxg3 29. fxg3 Kd7 30. Rea3 Rhb8 31. c3 Rb6 32. Kf2 Kd6 33. Re2 Rf8 34. Kg1 Rg8 35. Rea2 Ra8 36. Re2 Rg8 37. Kh2 Kd7 38. Ra1 Kc7 39. Kh3 Ra8 40. Nd2 c5 41. dxc5 Rbb8 42. Ra3 a5 43. Nf3 axb4 44. Rxa8 Rxa8 45. cxb4 Rb8 46. Ne5 Rxb4 47. Nxg6 Kc6 48. Nf4 e5 49. Nxh5 Bh8 50. g4 d4 51. g5 d3 52. Rd2 e4 53. Ng3 Kd5 54. g6 Ke5 55. Rd1 Rc4 56. Nh5 Rc3 57. Kg3 e3 58. Kf3 e2 59. Ra1 Rc1 60. Rxc1 d2 61. Nf4 dxc1=Q 62. Nd3+ Kf6 63. Nxc1 e1=Q 64. Nd3 Qxh4 65. Nf4 Qg5 66. c6 Qc5 67. c7 Qc6+ 68. Ke3 Ke5 69. Nd3+ Kd6 0-1

[Event "2BLO 2324 Nickelhütte Aue - SC Bavaria"]
[Site "?"]
[Date "2023.10.22"]
[Round "2.4"]
[White "Berczes, David"]
[Black "Kilgus, Georg"]
[Result "1-0"]
[WhiteElo "2445"]
[BlackElo "2410"]
[PlyCount "67"]
[EventDate "2023.??.??"]

1. d4 Nf6 2. Nf3 d5 3. g3 Bf5 4. c4 e6 5. Nc3 h6 6. Bf4 c6 7. Qb3 Qb6 8. c5 Qxb3 9. axb3 a6 10. b4 g5 11. Be5 Nbd7 12. b5 Nxe5 13. Nxe5 cxb5 14. Nxb5 Rc8 15. Nc3 Ne4 16. g4 Bh7 17. Na4 Bg7 18. b4 h5 19. f3 Nf6 20. Nb6 Rc7 21. b5 hxg4 22. bxa6 bxa6 23. Rxa6 gxf3 24. exf3 Nh5 25. Bb5+ Ke7 26. Nc6+ Kf6 27. Nxd5+ exd5 28. Nb4+ Kf5 29. Bd3+ Kf4 30. Nxd5+ Kxf3 31. O-O+ Kg4 32. Ne3+ Kh4 33. Ng2+ Kh3 34. Bf5+ 1-0

[Event "2BLO 2324 Nickelhütte Aue - SC Bavaria"]
[Site "?"]
[Date "2023.10.22"]
[Round "2.5"]
[White "Goldbeck, Lars"]
[Black "Langrock, Hannes"]
[Result "0-1"]
[WhiteElo "2272"]
[BlackElo "2359"]
[PlyCount "128"]
[EventDate "2023.??.??"]

1. c4 e6 2. Nf3 d5 3. e3 Nf6 4. b3 Nbd7 5. d4 a6 6. Bd3 b6 7. O-O Bd6 8. cxd5 exd5 9. Ba3 Bxa3 10. Nxa3 Qe7 11. Nb1 O-O 12. Nc3 Bb7 13. Qe2 c5 14. Rac1 g6 15. Rfd1 Rfe8 16. Qb2 Ne4 17. dxc5 Nxc3 18. Qxc3 bxc5 19. Bf1 Rac8 20. Ne1 Nf6 21. Nd3 Ne4 22. Qb2 c4 23. Nf4 c3 24. Qc2 Nd2 25. Ne2 d4 26. Nxd4 Qg5 27. Qd3 Re4 28. Rxd2 cxd2 29. Rxc8+ Bxc8 30. Qxd2 Bb7 31. Qb4 Re7 32. Qb6 Kg7 33. h3 h5 34. a4 Qf6 35. Qxf6+ Kxf6 36. h4 a5 37. Bc4 Ke5 38. Kf1 Bd5 39. Bxd5 Kxd5 40. Ke2 Rc7 41. Kd2 f6 42. f3 g5 43. g3 Ke5 44. Kd3 gxh4 45. gxh4 Rc1 46. f4+ Kd5 47. Nf5 Rh1 48. Kc3 Kc5 49. Ng3 Rxh4 50. Ne4+ Kd5 51. Nxf6+ Ke6 52. Ne4 Rh1 53. b4 axb4+ 54. Kxb4 Re1 55. a5 Rxe3 56. Nc5+ Kf5 57. a6 h4 58. Nd7 Re8 59. Ne5 h3 60. Nf3 Kxf4 61. Nh2 Kg3 62. Nf1+ Kg2 63. Ne3+ Rxe3 64. a7 Re8 0-1

[Event "2BLO 2324 Nickelhütte Aue - SC Bavaria"]
[Site "?"]
[Date "2023.10.22"]
[Round "2.6"]
[White "Cerveny, Martin"]
[Black "Kleibel, Uwe"]
[Result "1/2-1/2"]
[WhiteElo "2388"]
[BlackElo "2304"]
[PlyCount "29"]
[EventDate "2023.??.??"]

1. Nf3 d5 2. c4 c6 3. e3 Nf6 4. Nc3 g6 5. d4 Bg7 6. Bd2 O-O 7. Rc1 e6 8. Qc2 b6 9. Be2 Bb7 10. O-O Nbd7 11. Rfd1 Qe7 12. a4 Rac8 13. b4 dxc4 14. e4 e5 15. dxe5 1/2-1/2

[Event "2BLO 2324 Nickelhütte Aue - SC Bavaria"]
[Site "?"]
[Date "2023.10.22"]
[Round "2.7"]
[White "Lerch, Johannes"]
[Black "Spiess, Gunter"]
[Result "1/2-1/2"]
[WhiteElo "2283"]
[BlackElo "2345"]
[PlyCount "64"]
[EventDate "2023.??.??"]

1. Nf3 d5 2. e3 Nf6 3. c4 e6 4. Nc3 dxc4 5. Bxc4 a6 6. d4 b5 7. Bb3 Bb7 8. O-O Nbd7 9. e4 b4 10. e5 bxc3 11. exf6 cxb2 12. fxg7 Bxg7 13. Bxb2 O-O 14. Qd3 Nc5 15. Qe3 Nxb3 16. axb3 Bd5 17. Ba3 Re8 18. Bc5 Qb8 19. b4 Qb7 20. Ra3 Bxf3 21. Qxf3 Qxf3 22. Rxf3 Red8 23. Rd3 Rd5 24. Rfd1 Rad8 25. f4 Bf8 26. g3 a5 27. Bxf8 Kxf8 28. bxa5 Rxa5 29. Kf2 Ra2+ 30. R1d2 Rxd2+ 31. Rxd2 c5 32. Ke3 cxd4+ 1/2-1/2

[Event "2BLO 2324 Nickelhütte Aue - SC Bavaria"]
[Site "?"]
[Date "2023.10.22"]
[Round "2.8"]
[White "Wichmann, Cliff"]
[Black "Oberhofer, Cedric"]
[Result "1/2-1/2"]
[WhiteElo "2307"]
[BlackElo "2286"]
[PlyCount "54"]
[EventDate "2023.??.??"]

1. d4 Nf6 2. Nf3 g6 3. c4 Bg7 4. Nc3 d5 5. cxd5 Nxd5 6. e4 Nxc3 7. bxc3 c5 8. Bb5+ Nc6 9. d5 Qa5 10. Rb1 Bxc3+ 11. Bd2 a6 12. Bxc6+ bxc6 13. O-O Bxd2 14. Nxd2 O-O 15. Nc4 Qc7 16. Qc2 Rb8 17. Rxb8 Qxb8 18. dxc6 Be6 19. Na5 Qb4 20. Nb7 c4 21. Rb1 Qa3 22. Rd1 Rc8 23. Nd8 Qc5 24. Qa4 Qb6 25. Nxe6 fxe6 26. Qxc4 Qxc6 27. Qxc6 Rxc6 1/2-1/2

[Event "2BLO 2324 Münchener Schachclub 1836 - S"]
[Site "?"]
[Date "2023.12.02"]
[Round "3.1"]
[White "Stocek, Jiri"]
[Black "Sarana, Alexey"]
[Result "0-1"]
[WhiteElo "2539"]
[BlackElo "2688"]
[PlyCount "80"]
[EventDate "2023.??.??"]

1. d4 Nf6 2. c4 e6 3. Nf3 d5 4. Nbd2 Be7 5. Qc2 O-O 6. a3 b6 7. e4 dxe4 8. Nxe4 Nbd7 9. Bf4 Bb7 10. Nxf6+ Bxf6 11. O-O-O Bxf3 12. gxf3 c5 13. dxc5 bxc5 14. Bd3 g6 15. Be4 Rc8 16. h4 Bd4 17. Kb1 Qb6 18. h5 f5 19. Bd3 Rb8 20. Bc1 Rf7 21. hxg6 hxg6 22. Be2 e5 23. Rh3 Nf8 24. f4 e4 25. Rdh1 Qc6 26. b3 Rfb7 27. Bb2 Qf6 28. Bd1 a6 29. Qd2 Bxb2 30. Qxb2 Qxb2+ 31. Kxb2 Ne6 32. Rh8+ Kg7 33. R1h7+ Kf6 34. Kc3 Rxh7 35. Rxh7 Rd8 36. Kc2 Nxf4 37. Rc7 Nd3 38. Rxc5 Nxf2 39. Be2 e3 40. Kc1 Rd2 0-1

[Event "2BLO 2324 Münchener Schachclub 1836 - S"]
[Site "?"]
[Date "2023.12.02"]
[Round "3.2"]
[White "Predke, Alexandr"]
[Black "Pezelj, Novak"]
[Result "1-0"]
[WhiteElo "2689"]
[BlackElo "2481"]
[PlyCount "63"]
[EventDate "2023.??.??"]

1. d4 Nf6 2. Nf3 e6 3. c4 b6 4. a3 d5 5. cxd5 exd5 6. Nc3 a5 7. g3 Bb7 8. Bg2 Bd6 9. Nh4 g6 10. Bh6 Be7 11. Nf3 Nbd7 12. Ne5 c6 13. e4 dxe4 14. Nxe4 Nxe5 15. Nxf6+ Bxf6 16. dxe5 Bxe5 17. O-O Qd6 18. Qg4 Qe6 19. Qg5 Bf6 20. Qd2 Rd8 21. Qc2 Kd7 22. Rfe1 Qf5 23. Be4 Qc5 24. Qb3 Bd4 25. Rac1 Qd6 26. Bf4 Qf6 27. Bxc6+ Bxc6 28. Qd5+ Kc8 29. Rxc6+ Kb7 30. Re7+ Qxe7 31. Rc7+ Ka6 32. Qc4+ 1-0

[Event "2BLO 2324 Münchener Schachclub 1836 - S"]
[Site "?"]
[Date "2023.12.02"]
[Round "3.3"]
[White "Schneider, Jana"]
[Black "Saric, Ivan"]
[Result "0-1"]
[WhiteElo "2255"]
[BlackElo "2685"]
[PlyCount "138"]
[EventDate "2023.??.??"]

1. e4 c5 2. Nf3 d6 3. d4 cxd4 4. Nxd4 Nf6 5. Nc3 a6 6. Bd3 g6 7. f3 Bg7 8. Be3 Nbd7 9. g4 Nc5 10. Be2 b5 11. g5 Nfd7 12. Qd2 Bb7 13. O-O-O Rc8 14. Kb1 Nb6 15. Nb3 Qc7 16. Bd4 Bxd4 17. Qxd4 O-O 18. Rd2 Rfd8 19. Nd5 Nxd5 20. exd5 Qd7 21. Na5 Ba8 22. h4 Qf5 23. Bf1 e6 24. Nc6 Bxc6 25. dxc6 Qe5 26. Qxe5 dxe5 27. Rxd8+ Rxd8 28. Bg2 Kf8 29. Re1 Ke7 30. c7 Rc8 31. Rxe5 Rxc7 32. a3 Nb7 33. Bf1 Rd7 34. Kc1 Rd4 35. Re4 Rxe4 36. fxe4 Nc5 37. Bg2 f6 38. Kd2 fxg5 39. hxg5 Kd6 40. Ke3 Ke5 41. b3 Nb7 42. Bf1 Nd6 43. Bd3 Nf7 44. b4 Nxg5 45. c4 bxc4 46. Bxc4 Nxe4 47. Bxa6 Nc3 48. Bc4 Nd5+ 49. Kf3 Kd4 50. Ba2 e5 51. b5 e4+ 52. Kf2 h5 53. a4 h4 54. Bb3 e3+ 55. Kf1 Nc3 56. b6 h3 57. b7 e2+ 58. Kf2 h2 59. b8=Q e1=Q+ 60. Kxe1 h1=Q+ 61. Kd2 Qg2+ 62. Kc1 Qf1+ 63. Kb2 Qb1+ 64. Ka3 Qc1+ 65. Kb4 Nd5+ 66. Ka5 Qc5+ 67. Qb5 Qa7+ 68. Qa6 Qc7+ 69. Kb5 Qc5# 0-1

[Event "2BLO 2324 Münchener Schachclub 1836 - S"]
[Site "?"]
[Date "2023.12.02"]
[Round "3.4"]
[White "Indjic, Aleksandar"]
[Black "Kilgus, Georg"]
[Result "1-0"]
[WhiteElo "2589"]
[BlackElo "2391"]
[PlyCount "77"]
[EventDate "2023.??.??"]

1. d4 Nf6 2. c4 e6 3. Nc3 d5 4. Nf3 Nbd7 5. Bf4 dxc4 6. e3 c5 7. Bxc4 cxd4 8. exd4 Nb6 9. Bb3 Bd7 10. Ne5 Bc6 11. Nxc6 bxc6 12. O-O Be7 13. Qf3 Nfd5 14. Be5 O-O 15. Rac1 Rc8 16. Ne4 a5 17. a3 Nd7 18. Rfd1 Qb6 19. Rc2 Nxe5 20. dxe5 Rc7 21. Qg3 Rb8 22. Bc4 Rcb7 23. Rdd2 Qd8 24. Qg4 g6 25. g3 h5 26. Qe2 h4 27. Kg2 Kg7 28. Ba2 Rb6 29. Qg4 R8b7 30. Qe2 Rb8 31. Nc5 hxg3 32. hxg3 Bg5 33. Rd3 Qe7 34. Ne4 Qd8 35. Rd1 Be7 36. Rh1 Qd7 37. Qd2 Rh8 38. Rxh8 Kxh8 39. Rc1 1-0

[Event "2BLO 2324 Münchener Schachclub 1836 - S"]
[Site "?"]
[Date "2023.12.02"]
[Round "3.5"]
[White "Goldbeck, Lars"]
[Black "Martinovic, Sasa"]
[Result "0-1"]
[WhiteElo "2313"]
[BlackElo "2556"]
[PlyCount "58"]
[EventDate "2023.??.??"]

1. d4 Nf6 2. Nf3 g6 3. Nbd2 d5 4. e3 Bg7 5. b4 a5 6. b5 c5 7. bxc6 Nxc6 8. a4 O-O 9. Ba3 Bf5 10. Be2 Ne4 11. Nxe4 dxe4 12. Nd2 Nxd4 13. exd4 Qxd4 14. O-O e3 15. Nb3 exf2+ 16. Rxf2 Qxd1+ 17. Bxd1 Bxa1 18. Nxa1 Rfd8 19. Bf3 e5 20. g4 e4 21. Be2 Be6 22. Nb3 Rac8 23. Nc5 e3 24. Rf4 Rd2 25. Kf1 Rxc2 26. Nxe6 fxe6 27. Rf3 R8c3 28. Bd6 Rb3 29. Bb5 Rb1# 0-1

[Event "2BLO 2324 Münchener Schachclub 1836 - S"]
[Site "?"]
[Date "2023.12.02"]
[Round "3.6"]
[White "Costa, Leonardo"]
[Black "Kleibel, Uwe"]
[Result "1-0"]
[WhiteElo "2472"]
[BlackElo "2310"]
[PlyCount "79"]
[EventDate "2023.??.??"]

1. e4 e5 2. Nf3 Nc6 3. Bc4 Nf6 4. d3 Bc5 5. c3 a6 6. O-O Ba7 7. a4 d6 8. Re1 O-O 9. h3 Be6 10. Bxe6 fxe6 11. b4 Qe8 12. Nbd2 Nh5 13. Nf1 Qg6 14. Ra2 Rf6 15. N1h2 Raf8 16. Kh1 Ne7 17. Ng4 Rxf3 18. gxf3 Qf7 19. Be3 Bb8 20. b5 a5 21. d4 exd4 22. cxd4 Ng6 23. Rg1 Kh8 24. Nh2 Ngf4 25. Qf1 h6 26. Rg4 g5 27. h4 Qg7 28. Qc4 d5 29. Qc5 Nd3 30. Qa3 Nhf4 31. hxg5 hxg5 32. Rxg5 Qxg5 33. Qxf8+ Kh7 34. Ng4 dxe4 35. Bxf4 Nxf4 36. Qxb8 exf3 37. Qxc7+ Kg6 38. Ne5+ Kf5 39. Qh7+ Ng6 40. Qxg6+ 1-0